Recovery set to continue after surprise slowdown (Record no. 78132)

MARC details
000 -LEADER
fixed length control field 00915cab a2200193 4500
001 - CONTROL NUMBER
control field ##L136093
008 - FIXED-LENGTH DATA ELEMENTS--GENERAL INFORMATION
fixed length control field 070109n2007 000 0 eng u
035 ## - SYSTEM CONTROL NUMBER
System control number (Sirsi) u136093
041 0# - LANGUAGE CODE
Language code of text/sound track or separate title eng
100 1# - MAIN ENTRY--PERSONAL NAME
Personal name Cushnie, Lorraine
245 00 - TITLE STATEMENT
Title Recovery set to continue after surprise slowdown
260 ## - PUBLICATION, DISTRIBUTION, ETC.
Date of publication, distribution, etc. 2007
490 #0 - SERIES STATEMENT
Series statement Building
Volume/sequential designation 272(8461) 5 January 2007, 18-19(2)
520 ## - SUMMARY, ETC.
Summary, etc. Although 2006 did not deliver the growth expected, Experian predicts 2.5% growth in construction output for 2007, rising to 3% in 2009. Stable growth of 2.5% over the next three to five years is also forecast for the UK economy, although consumer spending will slow down. Includes forecasts for public sector spending, public and private sector housing, and repair, maintenance and improvement. Table and graph.
590 ## - LOCAL NOTE (RLIN)
Local note KA
651 #4 - SUBJECT ADDED ENTRY--GEOGRAPHIC NAME
Geographic name United Kingdom
Chronological subdivision
690 ## - LOCAL SUBJECT ADDED ENTRY--TOPICAL TERM (OCLC, RLIN)
Topical term or geographic name as entry element BUILT ENVIRONMENT-CONSTRUCTION MARKET
942 ## - ADDED ENTRY ELEMENTS (KOHA)
Suppress in OPAC 0
Holdings
Withdrawn status Lost status Source of classification or shelving scheme Damaged status Not for loan Home library Current library Shelving location Date acquired Total Checkouts Full call number Barcode Date last seen Copy number Price effective from Koha item type
    Dewey Decimal Classification     London London Journal article 09/01/2007   L136093 136093-1001 06/08/2019 1 06/08/2019 Journal article